[Event "Berdsk Maestro op 16th"]
[Site "Berdsk"]
[Date "2010.07.15"]
[Round "8"]
[White "Zablotsky, Viktor"]
[Black "Postnikov, Alexey"]
[Result "1-0"]
[WhiteElo "2115"]
[BlackElo "2024"]
[PlyCount "99"]
[EventDate "2010.07.08"]
[EventType "swiss"]
[EventRounds "9"]
[EventCountry "RUS"]
[SourceTitle "EXT 2011"]
[Source "ChessBase"]
[SourceDate "2010.11.26"]
[SourceVersion "1"]
[SourceVersionDate "2010.11.26"]
[SourceQuality "1"]

1. e4 c5 2. Nf3 e6 3. d3 d5 4. Nbd2 Nc6 5. g3 g6 6. h4 h5 7. Bg2 b6 8. 0-0 Nge7 9. exd5 exd5 10. d4 c4 11. Ne5 Nxe5 12. dxe5 Qc7 13. Re1 Bg4 14. f3 Be6 15. Nf1 Nf5 16. c3 Bc5+ 17. Kh2 0-0-0 18. Bg5 Be7 19. Bxe7 Qxe7 20. Ne3 Nxe3 21. Rxe3 g5 22. Qd4 Rdg8 23. a4 Rg6 24. a5 b5 25. a6 Rhg8 26. Re2 gxh4 27. gxh4 Qc7 28. Rae1 Qb6 29. Qxb6 axb6 30. Ra1 Kb8 31. a7+ Kb7 32. Rd2 Ka8 33. Bf1 Rg1 34. Rf2 Bf5 35. Ra6 R8g6 36. Rg2 Bc8 37. Rxb6 Kxa7 38. Rxb5 Bb7 39. Rxg6 Rxg6 40. Bh3 Rb6 41. Rxb6 Kxb6 42. Kg3 Kc5 43. Kf2 d4 44. f4 Be4 45. Bc8 Bc6 46. f5 Be8 47. Kf3 d3 48. Ke3 Kd5 49. e6 f6 50. Bd7 1-0

[Event "Berdsk Maestro op 16th"]
[Site "Berdsk"]
[Date "2010.07.10"]
[Round "3"]
[White "Beletsky, Alexey"]
[Black "Zablotsky, Viktor"]
[Result "1/2-1/2"]
[WhiteElo "2320"]
[BlackElo "2115"]
[PlyCount "100"]
[EventDate "2010.07.08"]
[EventType "swiss"]
[EventRounds "9"]
[EventCountry "RUS"]
[SourceTitle "EXT 2011"]
[Source "ChessBase"]
[SourceDate "2010.11.26"]
[SourceVersion "1"]
[SourceVersionDate "2010.11.26"]
[SourceQuality "1"]

1. d4 Nf6 2. c4 c5 3. Nf3 g6 4. Nc3 Bg7 5. e4 cxd4 6. Nxd4 d6 7. Be2 Nc6 8. Be3 Bd7 9. 0-0 0-0 10. Qd2 Ng4 11. Nxc6 bxc6 12. Bxg4 Bxg4 13. Bd4 Bxd4 14. Qxd4 Qb6 15. Qxb6 axb6 16. a4 Ra7 17. f3 Bd7 18. b3 Rfa8 19. Rab1 Kf8 20. Rb2 b5 21. axb5 cxb5 22. Nxb5 Bxb5 23. cxb5 Rb8 24. Rc1 Rxb5 25. b4 h5 26. Kf2 e5 27. Ke2 Rab7 28. Rc4 d5 29. exd5 Rxd5 30. f4 exf4 31. Rxf4 Ke7 32. Ke3 Rbb5 33. Rd4 Ke6 34. Kd3 Rxd4+ 35. Kxd4 Kd6 36. Kc4 Rf5 37. Kb3 Kc6 38. Ka4 Kb6 39. Rd2 Kc6 40. g3 Rf1 41. b5+ Kc5 42. Rc2+ Kb6 43. Rc6+ Kb7 44. Rc2 h4 45. gxh4 Rf4+ 46. Ka5 Rxh4 47. Re2 Rh3 48. Re7+ Kc8 49. Rxf7 Rxh2 50. Ka6 Ra2+ 1/2-1/2

[Event "Berdsk Maestro op 16th"]
[Site "Berdsk"]
[Date "2010.07.08"]
[Round "1"]
[White "Loginova, Lubov"]
[Black "Zablotsky, Viktor"]
[Result "0-1"]
[WhiteElo "1809"]
[BlackElo "2115"]
[PlyCount "62"]
[EventDate "2010.07.08"]
[EventType "swiss"]
[EventRounds "9"]
[EventCountry "RUS"]
[SourceTitle "EXT 2011"]
[Source "ChessBase"]
[SourceDate "2010.11.26"]
[SourceVersion "1"]
[SourceVersionDate "2010.11.26"]
[SourceQuality "1"]

1. d4 Nf6 2. c4 c6 3. Nc3 d5 4. cxd5 cxd5 5. Qc2 Nc6 6. e3 a6 7. Nf3 g6 8. Be2 Bg7 9. 0-0 0-0 10. h3 Bf5 11. Qb3 b5 12. Rd1 Qd6 13. Bd3 Bxd3 14. Rxd3 e6 15. a3 Rfc8 16. Rd1 Na5 17. Qa2 Nc4 18. Bd2 Rc6 19. b3 Nxd2 20. Qxd2 Rac8 21. Rdc1 Bf8 22. Ne5 Rxc3 23. Qxc3 Rxc3 24. Rxc3 a5 25. Rc5 Qb8 26. Rc6 Kg7 27. Ra6 Qb7 28. Rxa5 Bd6 29. Rc1 Bxe5 30. dxe5 Nd7 31. f4 Qb6 0-1

[Event "Krasnoyarsk Marchko Memorial"]
[Site "Krasnoyarsk"]
[Date "2009.12.??"]
[Round "?"]
[White "Avdeenko, Tatiana"]
[Black "Zablotsky, Viktor"]
[Result "1/2-1/2"]
[WhiteElo "2139"]
[BlackElo "2136"]
[PlyCount "79"]
[EventDate "2009.12.??"]
[EventType "tourn"]
[EventRounds "9"]
[EventCountry "RUS"]
[SourceTitle "EXT 2012"]
[Source "ChessBase"]
[SourceDate "2011.11.24"]
[SourceVersion "1"]
[SourceVersionDate "2011.11.24"]
[SourceQuality "1"]

1. e4 d5 2. exd5 Qxd5 3. Nc3 Qd6 4. d4 Nf6 5. Nf3 a6 6. Bd3 Nc6 7. 0-0 Bg4 8. Ne4 Nxe4 9. Bxe4 0-0-0 10. c3 f5 11. Bxc6 Qxc6 12. Ne5 Bxd1 13. Nxc6 bxc6 14. Rxd1 e6 15. Re1 Re8 16. Bf4 Bd6 17. Be5 Rhg8 18. Re3 g5 19. Rae1 Kd7 20. Rh3 Re7 21. Rh6 g4 22. Kf1 Rg6 23. Rh5 c5 24. d5 exd5 25. Bxd6 Rxe1+ 26. Kxe1 Kxd6 27. Rxh7 Re6+ 28. Kd2 c6 29. h4 gxh3 30. gxh3 c4 31. h4 c5 32. b3 cxb3 33. axb3 f4 34. Kd3 f3 35. Rf7 Rh6 36. Rxf3 Rxh4 37. Rf6+ Ke5 38. Rxa6 Rh3+ 39. Kd2 Rf3 40. Ra8 1/2-1/2

[Event "Krasnoyarsk Marchko Memorial"]
[Site "Krasnoyarsk"]
[Date "2009.12.??"]
[Round "?"]
[White "Piskunov, Alexandr"]
[Black "Zablotsky, Viktor"]
[Result "1-0"]
[WhiteElo "2121"]
[BlackElo "2136"]
[PlyCount "49"]
[EventDate "2009.12.??"]
[EventType "tourn"]
[EventRounds "9"]
[EventCountry "RUS"]
[SourceTitle "EXT 2012"]
[Source "ChessBase"]
[SourceDate "2011.11.24"]
[SourceVersion "1"]
[SourceVersionDate "2011.11.24"]
[SourceQuality "1"]

1. e4 d5 2. d3 e6 3. Qe2 Nf6 4. e5 Nfd7 5. f4 c5 6. Nf3 Nc6 7. g3 Be7 8. Bg2 0-0 9. 0-0 Qc7 10. c4 d4 11. Nbd2 f6 12. exf6 Nxf6 13. Ne5 Bd6 14. Nxc6 bxc6 15. Nf3 Kh8 16. Ne5 Bb7 17. Bd2 Bxe5 18. fxe5 Nd7 19. Bf4 Rf7 20. Rae1 Nf8 21. Be4 Bc8 22. Bg5 Rxf1+ 23. Rxf1 Bd7 24. Qh5 g6 25. Qh6 1-0

[Event "Krasnoyarsk Marchko Memorial"]
[Site "Krasnoyarsk"]
[Date "2009.12.??"]
[Round "?"]
[White "Zablotsky, Viktor"]
[Black "Tilicheev, Viacheslav"]
[Result "0-1"]
[WhiteElo "2136"]
[BlackElo "2335"]
[PlyCount "66"]
[EventDate "2009.12.??"]
[EventType "tourn"]
[EventRounds "9"]
[EventCountry "RUS"]
[SourceTitle "EXT 2012"]
[Source "ChessBase"]
[SourceDate "2011.11.24"]
[SourceVersion "1"]
[SourceVersionDate "2011.11.24"]
[SourceQuality "1"]

1. d4 Nf6 2. Nf3 g6 3. Bf4 Bg7 4. e3 0-0 5. Bc4 c5 6. c3 b6 7. 0-0 Bb7 8. Nbd2 d6 9. h3 Nbd7 10. Qe2 Rc8 11. Rfe1 Nh5 12. Bh2 e5 13. dxe5 dxe5 14. Red1 e4 15. Ne1 Qe7 16. Ba6 Bxa6 17. Qxa6 Nb8 18. Qa4 f5 19. Nc4 f4 20. exf4 Nxf4 21. Nd6 Qg5 22. Qc4+ Kh8 23. Bg3 e3 24. Kh2 e2 25. Rdc1 Rc7 26. Nf3 Qf6 27. Bxf4 Qxf4+ 28. Qxf4 Rxf4 29. Ne8 Re7 30. Nxg7 Kxg7 31. Re1 Nc6 32. Rac1 Rxf3 33. gxf3 Ne5 0-1

[Event "Berdsk Maestro op 15th"]
[Site "Berdsk"]
[Date "2009.07.16"]
[Round "9"]
[White "Pakhomov, Denis"]
[Black "Zablotsky, Viktor"]
[Result "1-0"]
[WhiteElo "2047"]
[BlackElo "2176"]
[PlyCount "102"]
[EventDate "2009.07.08"]
[EventType "swiss"]
[EventRounds "9"]
[EventCountry "RUS"]
[SourceTitle "EXT 2022"]
[Source "ChessBase"]
[SourceDate "2021.10.06"]
[SourceVersion "1"]
[SourceVersionDate "2021.10.06"]
[SourceQuality "1"]

1. e4 c5 2. Nf3 d6 3. d4 cxd4 4. Nxd4 Nf6 5. Nc3 a6 6. Be3 e5 7. Nb3 Be7 8. Qd2 b5 9. f3 Be6 10. 0-0-0 Nbd7 11. h4 b4 12. Nd5 Bxd5 13. exd5 a5 14. Kb1 a4 15. Nc1 Qb8 16. h5 0-0 17. g4 Nb6 18. Bxb6 Qxb6 19. g5 Nd7 20. Bd3 f5 21. gxf6 Rxf6 22. Rdg1 Raf8 23. Rg4 Rf4 24. Rhg1 R8f7 25. Ne2 Rxg4 26. Rxg4 Rxf3 27. Qh6 Bf6 28. Qxh7+ Kf8 29. Nc1 Rxd3 30. Qxd3 Nc5 31. Qf5 Qd8 32. Qh7 e4 33. h6 g5 34. Qg6 Qe7 35. Qf5 Kg8 36. Rg1 Qe5 37. h7+ Kh8 38. Qxe5 dxe5 39. Rh1 Nd7 40. c4 bxc3 41. bxc3 Be7 42. Ne2 Nf6 43. Ng3 e3 44. Nf5 Nxd5 45. c4 Bb4 46. a3 e2 47. axb4 Nxb4 48. Ne7 e1Q+ 49. Rxe1 Kxh7 50. Rxe5 Kh6 51. c5 Na6 1-0

[Event "Berdsk Maestro op 15th"]
[Site "Berdsk"]
[Date "2009.07.11"]
[Round "4"]
[White "Zablotsky, Viktor"]
[Black "Kuzmin, Artem"]
[Result "1/2-1/2"]
[WhiteElo "2176"]
[BlackElo "2034"]
[PlyCount "57"]
[EventDate "2009.07.08"]
[EventType "swiss"]
[EventRounds "9"]
[EventCountry "RUS"]
[SourceTitle "EXT 2022"]
[Source "ChessBase"]
[SourceDate "2021.10.06"]
[SourceVersion "1"]
[SourceVersionDate "2021.10.06"]
[SourceQuality "1"]

1. e4 e5 2. Bc4 d6 3. d3 c6 4. Nc3 Be6 5. Bxe6 fxe6 6. f4 exf4 7. Bxf4 e5 8. Be3 Nf6 9. Nf3 Nbd7 10. h3 d5 11. exd5 cxd5 12. Bg5 Qc7 13. Qe2 Bb4 14. Bd2 0-0 15. 0-0 Bc5+ 16. Kh1 Nh5 17. Be1 Nf4 18. Qd2 Qd6 19. Bg3 Nh5 20. Bh2 Bb4 21. Qg5 Bxc3 22. bxc3 Nf4 23. d4 e4 24. Ng1 Ne6 25. Rxf8+ Ndxf8 26. Qxg7+ Kxg7 27. Bxd6 Re8 28. Ne2 Nd7 29. Rb1 1/2-1/2

[Event "Krasnoyarsk-ch"]
[Site "Krasnoyarsk"]
[Date "2008.03.??"]
[Round "1"]
[White "Avdeenko, Tatiana"]
[Black "Zablotsky, Viktor"]
[Result "0-1"]
[WhiteElo "2194"]
[BlackElo "2155"]
[PlyCount "90"]
[EventDate "2008.03.??"]
[EventType "tourn"]
[EventRounds "11"]
[EventCountry "RUS"]
[SourceTitle "CBM 123 Extra"]
[Source "ChessBase"]
[SourceDate "2008.05.06"]
[SourceVersion "1"]
[SourceVersionDate "2008.05.06"]
[SourceQuality "1"]

1. e4 c5 2. Nc3 a6 3. f4 d6 4. Nf3 Nc6 5. d3 g6 6. g3 Bg7 7. Bg2 e6 8. 0-0 Nge7 9. Be3 Nd4 10. Qd2 0-0 11. g4 f5 12. gxf5 exf5 13. Bf2 Nxf3+ 14. Bxf3 Nc6 15. Rae1 Qa5 16. a3 Bd7 17. Bg2 Rae8 18. Bh3 Nd4 19. Qd1 Bc6 20. Be3 Qd8 21. Bg2 a5 22. Nd5 a4 23. c3 Nb3 24. Bf2 fxe4 25. dxe4 Bb5 26. Bg3 Kh8 27. Rf2 Bc4 28. Ne3 Bg8 29. Qd3 Qc7 30. Rd1 Rd8 31. Nc4 b5 32. Ne3 c4 33. Qe2 Nc5 34. Qg4 Nd3 35. Rfd2 Qa7 36. Re2 d5 37. e5 d4 38. cxd4 Rxd4 39. Qg5 Nxf4 40. Rf2 h6 41. Qxf4 Rfxf4 42. Bxf4 Rxf4 43. Rxf4 Qxe3+ 44. Rf2 Bxe5 45. Kf1 c3 0-1

[Event "Krasnoyarsk-ch"]
[Site "Krasnoyarsk"]
[Date "2008.03.??"]
[Round "9"]
[White "Zablotsky, Viktor"]
[Black "Pavlov, Oleg Yuryevich"]
[Result "1/2-1/2"]
[WhiteElo "2155"]
[BlackElo "2281"]
[PlyCount "101"]
[EventDate "2008.03.??"]
[EventType "tourn"]
[EventRounds "11"]
[EventCountry "RUS"]
[SourceTitle "CBM 123 Extra"]
[Source "ChessBase"]
[SourceDate "2008.05.06"]
[SourceVersion "1"]
[SourceVersionDate "2008.05.06"]
[SourceQuality "1"]

1. e4 c6 2. d4 d5 3. e5 Bf5 4. Be3 e6 5. Nd2 Nd7 6. Ngf3 Ne7 7. Be2 c5 8. dxc5 Nc6 9. 0-0 Bxc5 10. Bxc5 Nxc5 11. Re1 0-0 12. c3 Bg6 13. Nb3 Na4 14. Qd2 a6 15. Bf1 Rc8 16. Re3 Qb6 17. Rae1 Rfd8 18. h4 h6 19. Bd3 Be4 20. R1e2 Qc7 21. Qe1 Bxd3 22. Rxd3 b5 23. Qd2 Nb6 24. g3 Rf8 25. Nbd4 Nxd4 26. Nxd4 Rce8 27. Qe1 Nd7 28. Rde3 Nc5 29. Kg2 Qb7 30. f3 a5 31. a3 Rb8 32. b4 Na4 33. f4 Rfc8 34. Rf2 Rc4 35. Qd2 Rbc8 36. Rff3 axb4 37. axb4 g6 38. h5 Qb6 39. hxg6 fxg6 40. g4 R8c7 41. f5 Nxc3 42. Nxe6 Rxg4+ 43. Kh3 gxf5 44. Nxc7 Qg6 45. Kh2 d4 46. Rxc3 dxc3 47. Qd8+ Kh7 48. Qd7+ Kg8 49. Qc8+ Kh7 50. Qd7+ Kg8 51. Qc8+ 1/2-1/2